Países que reconocen a Taiwán - Estadísticas

Estadísticas generales
  • Esta prueba ha sido intentada 3 veces
  • La puntuación promedio es 9 de 12
Estadísticas de respuestas
Continente Respuesta % Correcto
América Belice
100%
Oceanía Islas Marshall
100%
América Paraguay
100%
Oceanía Tuvalu
100%
América Guatemala
67%
América Haití
67%
Oceanía Palaos
67%
América San Cristóbal y Nieves
67%
América Santa Lucía
67%
América San Vicente y las Granadinas
67%
Europa Ciudad del Vaticano
33%
África Esuatini
33%
No se encontraron pruebas coincidentes
Distribución de puntuación
Porcentaje de gente con cada puntuación
Porcentaje por número respondido
Historial de tus puntuaciones
No has intentado esta prueba.